C.M. Trigueros y una refundición de la "Angélica", de Metartasio / (Record no. 71017)

MARC details
000 -LEADER
campo de control de longitud fija 00637nam a2200181 i 4500
001 - NÚMERO DE CONTROL
campo de control 71017
003 - IDENTIFICADOR DE NÚMERO DE CONTROL
campo de control ES-MaACL
005 - FECHA Y HORA DE LA ÚLTIMA TRANSACCIÓN
campo de control 20230906171007.0
007 - CAMPO FIJO DE DESCRIPCIÓN FÍSICA--INFORMACIÓN GENERAL
campo de control de longitud fija t|
008 - DATOS DE LONGITUD FIJA--INFORMACIÓN GENERAL
campo de control de longitud fija 040804s1947 sp ||||1| spa d
100 1# - ENTRADA PRINCIPAL--NOMBRE DE PERSONA
Nombre de persona Gasparini, Mario.
9 (RLIN) 55892
245 10 - MENCIÓN DEL TÍTULO
Título C.M. Trigueros y una refundición de la "Angélica", de Metartasio /
Mención de responsabilidad, etc. Mario Gasparini.
260 ## - PUBLICACIÓN, DISTRIBUCIÓN, ETC.
Lugar de publicación, distribución, etc. Madrid :
Nombre del editor, distribuidor, etc. [s.n.,
Fecha de publicación, distribución, etc. 1947] (
Fabricante Imp. Aguirre)
300 ## - DESCRIPCIÓN FÍSICA
Extensión 5 h. ;
Dimensiones 25 cm.
500 ## - NOTA GENERAL
Nota general Separata del Boletín de la Real Academia Española, tomo XXVI, cuaderno CXX, págs. 137-146.
740 0# - ENTRADA AGREGADA--TÍTULO RELACIONADO/ANALÍTICO NO CONTROLADO
Título relacionado o analítico no controlado Boletín de la Real Academia Española.
852 ## - LOCALIZACIÓN
Ubicación ES-MaACL
Número de control de estantería 1580-F-6
Sublocalización o colección R.24031
Holdings
Estatus retirado Estado de pérdida Estado de daño No para préstamo Colección Biblioteca de origen Biblioteca actual Ubicación en estantería Fecha de adquisición Fuente de adquisición Total de préstamos Signatura topográfica completa Código de barras Visto por última vez Precio de reemplazo Tipo de ítem Koha
        Colección de folletos Biblioteca del Ateneo de Madrid Biblioteca del Ateneo de Madrid Depósito folletos 17/01/2008     1580-F-6 1074364 23/02/2023 23/02/2023 Folleto